| 000 | 00782nam a22002777a 4500 | ||
|---|---|---|---|
| 001 | 00260 | ||
| 003 | DO-SdBNP | ||
| 005 | 20171213103545.0 | ||
| 008 | 151124b 1978 sp xxu||||| |||| 00| 0 spa d | ||
| 020 | _a8402039650 | ||
| 040 |
_aBPMSU _bspa _cBPMSU |
||
| 041 | 1 | 7 |
_aspa _hfre |
| 092 |
_axxxx _bxxxx |
||
| 100 | 1 |
_aVerne, Julio, _d1828-1905. |
|
| 240 | 1 | 0 |
_aLes aventures du Capitaine Hatteras. _lEspañol |
| 245 | 1 | 0 |
_aAventuras del Capitán Hatteras / _cJulio Verne. |
| 250 | _a2a ed. | ||
| 260 |
_aBarcelona : _bBruguera, _c1978 |
||
| 300 |
_a122 p. : _bil. ; _c30 cm. |
||
| 490 | 1 |
_aHistorias color _v11 |
|
| 830 | 0 |
_aHistorias color ; _n11 |
|
| 910 | _a00260 | ||
| 942 |
_2ddc _cBK |
||
| 945 | _aInventariado extranjero 2017/ YL | ||
| 956 |
_aLorenza Pérez _b10 |
||
| 999 |
_c8894 _d8894 |
||